000
00281nam a22001337a 4500
008
180209b xxu||||| |||| 00| 0 eng d
020
_a
9781419552519
041
_a
eng
080
_2
10 ED
_a
37
100
_a
47
101
_a
EDU
245
_a
PRAXIS
_c
KAPLAN
942
_2
udc
_c
BK
999
_c
42234
_d
42234